MARC

LEADER 00000nam2a2200000 4500
001 128814
005 20251126122702.0
035 |a (RuTPU)RU\TPU\book\139405 
090 |a 128814 
100 |a 20080114d1937 km y0rusy50 ca 
101 0 |a rus 
102 |a RU 
105 |a a z 000zy 
181 0 |a i   |b  e  
182 0 |a n 
183 0 |a nc  |2 RDAcarrier 
200 0 |a Т. 1  |g сост. В. А. Жданов , Н. Ф. Кунин , Д. Д. Саратовкин 
203 |a Текст  |b визуальный  |c непосредственный 
210 |d 1937 
215 |a 554 с.  |c ил. 
283 |a volume  |2 RDAcarrier 
316 |5 63413507: КР-6640  |a Внутрь вложены владельческие записки 
317 |5 63413507: КР-6640  |a Поступила в НТБ в 1987 г. в дар от вдовы ученого Е. К. Завадовской 
461 1 |0 40611  |9 40611  |a Кузнецов, В. Д.  |t Физика твердого тела  |o в 5 т.  |f В. Д. Кузнецов  |e [2-е изд., перераб.]  |c Томск  |n Красное знамя  |d 1937-1949  |v Т. 1 
606 1 |a Физика твердого тела  |2 stltpush  |3 (RuTPU)RU\TPU\subj\63727  |9 80702 
610 1 |a твердые тела 
610 1 |a кристаллизация 
610 1 |a кристаллография 
610 1 |a кристаллы 
610 1 |a кристаллические решетки 
610 1 |a поверхностная энергия 
610 1 |a растворимость 
610 1 |a электрокристаллизация 
610 1 |a полиморфизм 
610 1 |a искусственное получение 
610 1 |a поверхностная энергия 
610 1 |a внешнее трение 
610 1 |a твердость 
610 1 |a Библиотека А. А. Воробьева 
610 1 |a дары библиотеке 
675 |a 539.2  |v 4 
700 1 |a Кузнецов  |b В. Д.  |c русский физик  |c профессор, академик АН СССР  |c преподавал в ТТИ и на Сибирских высших женских курсах  |c с 1917 преподавал в ТГУ, директор СФТИ (1929-1933, 1937-1960)  |f 1887-1963  |g Владимир Дмитриевич  |9 6694 
702 1 |a Жданов  |b В. А.  |4 220 
702 1 |a Кунин  |b Н. Ф.  |4 220 
702 1 |a Саратовкин  |b Д. Д.  |4 220 
801 1 |a RU  |b 63413507  |c 20080114  |g PSBO 
801 2 |a RU  |b 63413507  |c 20191101  |g PSBO 
942 |c BK